[Event "DVM U12 2018"]
[Site "Magdeburg GER"]
[Date "2018.12.27"]
[Round "1"]
[White "Bungarten, Jona"]
[Black "Garner, Isaac"]
[Result "1/2-1/2"]
[Termination "normal"]
[Board "1.1"]
[WhiteElo "1609"]
[BlackElo "1852"]
[WhiteClock "00:55:56"]
[BlackClock "00:06:42"]
[WhiteTeam "SF Brackel"]
[BlackTeam "Hamburger SK"]
[PlyCount "67"]
[WhiteFideId "16223608"]
[BlackFideId "16239261"]
[EventCountry "GER"]
[EventRounds "7"]
[EventType "team-swiss"]
[EventDate "2018.12.26"]

1. e4 c5 2. d4 cxd4 3. c3 dxc3 4. Nxc3 Nc6 5. Nf3 d6 6. Bc4 a6 7. O-O Nf6 8. h3
e6 9. Qe2 Be7 10. Rd1 Qc7 11. Bf4 Ne5 12. Nxe5 dxe5 13. Be3 b5 14. Bb3 O-O 15.
Rd2 Bb7 16. Rc2 Qb8 17. f3 Nh5 18. Qf2 Rd8 19. Ne2 h6 20. Rac1 Bg5 21. Bxg5
hxg5 22. Rc7 Rc8 23. Qb6 Rxc7 24. Rxc7 Bc8 25. Qc6 Nf6 26. Kf1 Bd7 27. Rxd7
Nxd7 28. Qxd7 Qd8 29. Qxd8+ Rxd8 30. Ke1 Kf8 31. Nc1 Ke7 32. Ke2 Kd6 33. Kd2
Rc8 34. a3 1/2-1/2

[Event "DVM U12 2018"]
[Site "Magdeburg GER"]
[Date "2018.12.27"]
[Round "1"]
[White "Huo, Da"]
[Black "Tomasjan, Samuel"]
[Result "1-0"]
[Termination "normal"]
[Board "1.2"]
[WhiteElo "1661"]
[BlackElo "1435"]
[WhiteClock "01:09:54"]
[BlackClock "00:00:40"]
[WhiteTeam "Hamburger SK"]
[BlackTeam "SF Brackel"]
[PlyCount "97"]
[WhiteFideId "16221206"]
[BlackFideId "16235584"]
[EventCountry "GER"]
[EventRounds "7"]
[EventType "team-swiss"]
[EventDate "2018.12.26"]

1. e4 e5 2. Nf3 Nc6 3. Bb5 Nf6 4. d3 d6 5. O-O Bg4 6. c3 Be7 7. Nbd2 O-O 8. Re1
d5 9. exd5 Qxd5 10. Qb3 Qxb3 11. axb3 Bd6 12. Bxc6 bxc6 13. Nxe5 Rfe8 14. Ndc4
Nd7 15. Bf4 Nxe5 16. Bxe5 Bxe5 17. Nxe5 Be6 18. Nxc6 Bxb3 19. f3 Rxe1+ 20. Rxe1
Be6 21. d4 a5 22. d5 Bd7 23. Re7 Bxc6 24. dxc6 Rc8 25. Re5 Ra8 26. Rb5 g6 27.
Rb7 Rc8 28. Ra7 Kg7 29. Rxa5 Rb8 30. b4 Kf6 31. Rd5 Rb6 32. b5 Rb8 33. c4 Ke6
34. Rd7 Rc8 35. Kf2 h5 36. Ke3 f6 37. Kd4 g5 38. Kc5 f5 39. h4 gxh4 40. f4 Rg8
41. Rd2 Rb8 42. Rb2 Rb6 43. Re2+ Kf7 44. Rd2 Rb8 45. Rd7+ Kf6 46. Rxc7 Rg8 47.
Rd7 Rxg2 48. c7 Rg8 49. Rd8 1-0

[Event "DVM U12 2018"]
[Site "Magdeburg GER"]
[Date "2018.12.27"]
[Round "1"]
[White "Römer, Alois"]
[Black "Fuhrmann, Bahne"]
[Result "0-1"]
[Termination "normal"]
[Board "1.3"]
[WhiteElo "1444"]
[BlackElo "1584"]
[WhiteClock "00:11:13"]
[BlackClock "00:04:56"]
[WhiteTeam "SF Brackel"]
[BlackTeam "Hamburger SK"]
[PlyCount "84"]
[WhiteFideId "16255607"]
[BlackFideId "16244842"]
[EventCountry "GER"]
[EventRounds "7"]
[EventType "team-swiss"]
[EventDate "2018.12.26"]

1. e4 e5 2. Nf3 Nc6 3. Bc4 Bc5 4. b4 Bxb4 5. c3 Ba5 6. Qb3 Qe7 7. d4 Nxd4 8.
Nxd4 exd4 9. O-O Bb6 10. Re1 d6 11. Bb2 Be6 12. cxd4 Nf6 13. Nd2 O-O 14. e5
dxe5 15. Rxe5 Nd7 16. Ree1 Bxc4 17. Rxe7 Bxb3 18. Nxb3 Nf6 19. g3 Rad8 20. Kg2
Nd5 21. Re5 Nb4 22. Bc3 Nc6 23. Re4 f5 24. Rh4 Rd5 25. Rd1 Rfd8 26. Rd2 h6 27.
g4 Bxd4 28. Bxd4 Nxd4 29. gxf5 Nxf5 30. Rf4 Rxd2 31. Nxd2 Rxd2 32. Rxf5 Rxa2
33. Rd5 a5 34. Rd8+ Kh7 35. Rb8 Rb2 36. Rc8 c6 37. Ra8 b6 38. Ra7 c5 39. Rc7 a4
40. Ra7 b5 41. Rc7 c4 42. Rc6 a3 0-1

[Event "DVM U12 2018"]
[Site "Magdeburg GER"]
[Date "2018.12.27"]
[Round "1"]
[White "Kort, Felix"]
[Black "Römer, Uri"]
[Result "1/2-1/2"]
[Termination "normal"]
[Board "1.4"]
[WhiteElo "1593"]
[BlackElo "1098"]
[WhiteClock "00:17:33"]
[BlackClock "01:05:23"]
[WhiteTeam "Hamburger SK"]
[BlackTeam "SF Brackel"]
[PlyCount "96"]
[WhiteFideId "16220129"]
[BlackFideId "16275039"]
[EventCountry "GER"]
[EventRounds "7"]
[EventType "team-swiss"]
[EventDate "2018.12.26"]

1. d4 d5 2. c4 dxc4 3. Nf3 Nf6 4. Nc3 Bf5 5. Bf4 e6 6. e3 Bb4 7. Bxc4 Ne4 8.
Rc1 Nxc3 9. bxc3 Bd6 10. Bxd6 cxd6 11. O-O O-O 12. Re1 Nc6 13. e4 Bg4 14. Bb3
Qf6 15. Re3 e5 16. d5 Ne7 17. c4 b6 18. Ba4 Rac8 19. Bb5 Ng6 20. h3 Bxf3 21.
Rxf3 Nf4 22. Kh1 Qg6 23. Rg3 Qxe4 24. Qg4 Qg6 25. Qxc8 Rxc8 26. Rxg6 fxg6 27.
Rc3 Ne2 28. Ra3 a5 29. Ba6 Ra8 30. Bb7 Rb8 31. Bc6 Nd4 32. Re3 Rc8 33. Bb5 Nxb5
34. cxb5 Rc5 35. a4 Rc4 36. Ra3 e4 37. Kh2 Rc5 38. Re3 Rxd5 39. Rxe4 Rc5 40.
Re8+ Kf7 41. Rb8 Rc4 42. Rxb6 Rxa4 43. Rxd6 Rb4 44. b6 a4 45. Rd7+ Kf6 46. Ra7
Rxb6 47. Rxa4 Rb2 48. Ra8 Kf7 1/2-1/2

[Event "DVM U12 2018"]
[Site "Magdeburg GER"]
[Date "2018.12.27"]
[Round "1"]
[White "Gutewort, Paul Emil"]
[Black "Fischer, Darja"]
[Result "1-0"]
[Termination "normal"]
[Board "2.1"]
[WhiteElo "1635"]
[BlackElo "1442"]
[WhiteClock "00:57:33"]
[BlackClock "00:22:49"]
[WhiteTeam "SF Nordost Berlin"]
[BlackTeam "Karlsruher SF"]
[PlyCount "153"]
[WhiteFideId "16204182"]
[BlackFideId "16240898"]
[EventCountry "GER"]
[EventRounds "7"]
[EventType "team-swiss"]
[EventDate "2018.12.26"]

1. d4 d5 2. c4 e6 3. Nc3 Nf6 4. Nf3 Be7 5. Bf4 O-O 6. e3 b6 7. Be2 Bb7 8. O-O
c5 9. Rc1 Nc6 10. Qd2 Qd7 11. Rfd1 Rfd8 12. a3 Rac8 13. cxd5 exd5 14. Bb5 a6
15. Ne5 Qe6 16. Nxc6 Bxc6 17. Bxa6 Ra8 18. Be2 Bd6 19. Bxd6 Qxd6 20. Bf3 Rac8
21. Re1 Re8 22. Qc2 Qe6 23. Ne2 Bb7 24. Qb3 c4 25. Qc2 Ne4 26. Bxe4 Qxe4 27.
Nc3 Qxc2 28. Rxc2 Kf8 29. Rce2 f5 30. f3 Rc7 31. e4 dxe4 32. fxe4 fxe4 33. Nxe4
Rce7 34. Nc3 Rxe2 35. Rxe2 Rxe2 36. Nxe2 Ke7 37. Kf2 Kd6 38. g3 Kd5 39. Ke3 Ke6
40. h4 Kf5 41. Nc3 Ke6 42. Na4 Kf5 43. Nxb6 Ba6 44. Na4 h6 45. Nc5 Bb5 46. a4
Bc6 47. a5 g5 48. hxg5 hxg5 49. a6 Kg4 50. Kf2 Kf5 51. a7 Ba8 52. Na6 g4 53.
Nc7 Bb7 54. Ke3 Kg5 55. a8=Q Bxa8 56. Nxa8 Kf5 57. Nb6 c3 58. bxc3 Ke6 59. Kf4
Kd6 60. Kxg4 Kc6 61. Kf5 Kxb6 62. g4 Kc6 63. g5 Kd6 64. Kf6 Kd7 65. Kf7 Kd8 66.
g6 Kd7 67. g7 Kd6 68. g8=Q Kd7 69. Qe8+ Kd6 70. c4 Kc7 71. c5 Kb7 72. d5 Kc7
73. Qc6+ Kd8 74. Qa6 Kd7 75. d6 Kd8 76. Qa7 Kc8 77. Qc7# 1-0

[Event "DVM U12 2018"]
[Site "Magdeburg GER"]
[Date "2018.12.27"]
[Round "1"]
[White "Kiefhaber, Julius"]
[Black "Reichmann, Felix"]
[Result "1-0"]
[Termination "normal"]
[Board "2.2"]
[WhiteElo "1417"]
[BlackElo "1640"]
[WhiteClock "01:14:30"]
[BlackClock "00:11:19"]
[WhiteTeam "Karlsruher SF"]
[BlackTeam "SF Nordost Berlin"]
[PlyCount "96"]
[WhiteFideId "16245121"]
[BlackFideId "16238290"]
[EventCountry "GER"]
[EventRounds "7"]
[EventType "team-swiss"]
[EventDate "2018.12.26"]

1. e4 c5 2. Nf3 g6 3. d4 cxd4 4. Nxd4 Bg7 5. Nc3 Nc6 6. Be3 Nf6 7. Bc4 O-O 8.
Bb3 e6 9. f3 d5 10. exd5 Nxd5 11. Nxd5 exd5 12. O-O Re8 13. Nxc6 bxc6 14. Bd4
Ba6 15. Rf2 Bf8 16. Qd2 c5 17. Be3 d4 18. Bg5 Qd7 19. c4 Bg7 20. Rd1 f6 21. Bh6
Bxh6 22. Qxh6 Re6 23. Qh3 Qe7 24. Rff1 Re8 25. Qg3 Re2 26. f4 Bb7 27. Rf2 Re1+
28. Rf1 Qe3+ 29. Qxe3 R1xe3 30. Rd2 Be4 31. Kf2 Bf5 32. Bc2 d3 33. Bd1 R3e4 34.
Rxd3 Rxf4+ 35. Rf3 Rxc4 36. Bb3 Be6 37. Bxc4 Bxc4 38. Re1 Rd8 39. b3 Bb5 40. a4
Bc6 41. Rxf6 Rc8 42. Rfe6 Rf8+ 43. Kg3 Bd5 44. R6e3 Kg7 45. Rd1 Rf5 46. Rdd3
Kf7 47. h4 h5 48. Rc3 Kf6 1-0

[Event "DVM U12 2018"]
[Site "Magdeburg GER"]
[Date "2018.12.27"]
[Round "1"]
[White "Duduka, Artem"]
[Black "Hoffmann, Alexander"]
[Result "1/2-1/2"]
[Termination "normal"]
[Board "2.3"]
[WhiteElo "1589"]
[BlackElo "1392"]
[WhiteClock "00:47:08"]
[BlackClock "00:13:28"]
[WhiteTeam "SF Nordost Berlin"]
[BlackTeam "Karlsruher SF"]
[PlyCount "102"]
[WhiteFideId "14194805"]
[BlackFideId "16240219"]
[EventCountry "GER"]
[EventRounds "7"]
[EventType "team-swiss"]
[EventDate "2018.12.26"]

1. e4 e5 2. Nf3 Nc6 3. d4 exd4 4. Nxd4 Bc5 5. Be3 Qf6 6. c3 Bb6 7. Nc2 Qe7 8.
Bxb6 axb6 9. Bd3 d6 10. O-O Nf6 11. Re1 O-O 12. Ne3 Be6 13. Nd5 Qd8 14. Na3
Nxd5 15. exd5 Bxd5 16. Bxh7+ Kxh7 17. Qxd5 Kg8 18. Re3 Re8 19. Rh3 Re5 20. Qd3
g6 21. Nc4 Re6 22. a3 Qe7 23. Re3 Re8 24. Rae1 Qf6 25. R1e2 Ne5 26. Nxe5 Rxe5
27. g3 Rxe3 28. Rxe3 Rxe3 29. Qxe3 Qe6 30. Qxe6 fxe6 31. Kg2 Kf7 32. Kf3 d5 33.
h4 Kf6 34. g4 c5 35. Ke3 e5 36. f4 b5 37. fxe5+ Kxe5 38. b4 b6 39. h5 gxh5 40.
gxh5 Kf5 41. h6 Kg6 42. Kf4 Kxh6 43. Kf5 d4 44. cxd4 c4 45. d5 c3 46. d6 c2 47.
d7 c1=Q 48. d8=Q Qc3 49. Ke4 Qe1+ 50. Kf3 Qh1+ 51. Kf2 Qh2+ 1/2-1/2

[Event "DVM U12 2018"]
[Site "Magdeburg GER"]
[Date "2018.12.27"]
[Round "1"]
[White "Hoffmann, Sophia"]
[Black "Beck, Felix"]
[Result "0-1"]
[Termination "normal"]
[Board "2.4"]
[WhiteElo "1077"]
[BlackElo "1414"]
[WhiteClock "01:20:16"]
[BlackClock "00:33:53"]
[WhiteTeam "Karlsruher SF"]
[BlackTeam "SF Nordost Berlin"]
[PlyCount "56"]
[WhiteFideId "16259130"]
[BlackFideId "16255364"]
[EventCountry "GER"]
[EventRounds "7"]
[EventType "team-swiss"]
[EventDate "2018.12.26"]

1. d4 d5 2. Bf4 Nf6 3. Nc3 c6 4. Nf3 Bf5 5. e3 e6 6. Bd3 Bg6 7. Ne5 Bxd3 8.
Qxd3 Be7 9. O-O O-O 10. Qe2 Nbd7 11. Qf3 a6 12. Rfe1 c5 13. Rad1 Rc8 14. b3 b5
15. e4 dxe4 16. Nxe4 Nxe4 17. Qxe4 Nf6 18. Qd3 cxd4 19. Re2 Nd5 20. Bg3 Nc3 21.
Red2 Nxd1 22. Rxd1 Bd6 23. Qxd4 Bxe5 24. Bxe5 Qxd4 25. Bxd4 Rfd8 26. Rd3 Rxc2
27. a3 Rc1+ 28. Rd1 Rxd1# 0-1

[Event "DVM U12 2018"]
[Site "Magdeburg GER"]
[Date "2018.12.27"]
[Round "1"]
[White "Schwartz, Oliver"]
[Black "Hommer, Jeremy"]
[Result "0-1"]
[Termination "normal"]
[Board "3.1"]
[WhiteElo "1603"]
[BlackElo "1965"]
[WhiteClock "00:21:56"]
[BlackClock "00:11:32"]
[WhiteTeam "SC Ostfildern"]
[BlackTeam "SC Turm Lüneburg"]
[PlyCount "48"]
[WhiteFideId "16207459"]
[BlackFideId "12992577"]
[EventCountry "GER"]
[EventRounds "7"]
[EventType "team-swiss"]
[EventDate "2018.12.26"]

1. e4 c6 2. Nf3 d5 3. Nc3 dxe4 4. Nxe4 Nf6 5. Ng3 h5 6. Bc4 e6 7. d3 Nbd7 8.
Bg5 Qc7 9. Qd2 b6 10. O-O-O Bb7 11. Rhe1 O-O-O 12. Qc3 a5 13. a3 b5 14. Ba2 b4
15. Qb3 Nc5 16. Qc4 Ba6 17. Qh4 bxa3 18. bxa3 Qb7 19. Bxf6 gxf6 20. Qxf6 Bh6+
21. Nd2 Rh7 22. Qa1 Bg7 23. Qb1 Na4 24. Nge4 Bb2+ 0-1

[Event "DVM U12 2018"]
[Site "Magdeburg GER"]
[Date "2018.12.27"]
[Round "1"]
[White "Bildat, Emilia"]
[Black "Chugunov, Ivan"]
[Result "1-0"]
[Termination "normal"]
[Board "3.2"]
[WhiteElo "1634"]
[BlackElo "1359"]
[WhiteClock "01:01:18"]
[BlackClock "01:18:54"]
[WhiteTeam "SC Turm Lüneburg"]
[BlackTeam "SC Ostfildern"]
[PlyCount "51"]
[WhiteFideId "16218140"]
[BlackFideId "16256808"]
[EventCountry "GER"]
[EventRounds "7"]
[EventType "team-swiss"]
[EventDate "2018.12.26"]

1. c4 e5 2. g3 Nc6 3. Bg2 Nf6 4. Nc3 Bc5 5. e3 O-O 6. Nge2 b6 7. O-O Re8 8. d4
exd4 9. Nxd4 Bb7 10. Qa4 Bxd4 11. exd4 Na5 12. d5 Qc8 13. Bg5 c6 14. Bxf6 gxf6
15. Ne4 cxd5 16. Nxf6+ Kh8 17. Nxe8 Bc6 18. Qc2 Qxe8 19. Rfe1 Qf8 20. Bxd5 Bxd5
21. cxd5 Rc8 22. Qf5 d6 23. Qf6+ Kg8 24. Re4 Qg7 25. Qf5 Rc4 26. Re8+ 1-0

[Event "DVM U12 2018"]
[Site "Magdeburg GER"]
[Date "2018.12.27"]
[Round "1"]
[White "Rennkamp, David"]
[Black "Zimanovic, Leon Daniel"]
[Result "1-0"]
[Termination "normal"]
[Board "3.4"]
[WhiteElo "1223"]
[BlackElo "1173"]
[WhiteClock "00:07:14"]
[BlackClock "00:10:40"]
[WhiteTeam "SC Turm Lüneburg"]
[BlackTeam "SC Ostfildern"]
[PlyCount "104"]
[WhiteFideId "16249526"]
[BlackFideId "16275063"]
[EventCountry "GER"]
[EventRounds "7"]
[EventType "team-swiss"]
[EventDate "2018.12.26"]

1. e4 e5 2. Nf3 Nc6 3. Bc4 Bc5 4. O-O Nf6 5. d3 O-O 6. c3 d6 7. b4 Bb6 8. a4 a6
9. a5 Ba7 10. Bg5 Bg4 11. h3 Bh5 12. Nbd2 Qd7 13. Bxf6 gxf6 14. Nxe5 Nxe5 15.
Qxh5 Kh8 16. d4 Ng6 17. Kh1 Rg8 18. f4 Rg7 19. f5 Ne7 20. Bxf7 Rf8 21. Be6 Qc6
22. Qf3 Rd8 23. d5 Qb5 24. Rfe1 c6 25. Qe2 Rg3 26. Qxb5 cxb5 27. Nf3 Ng8 28.
Kh2 Rg7 29. Rac1 Bf2 30. Re2 Bg3+ 31. Kh1 Rc7 32. Nd2 Be5 33. Nb1 Nh6 34. g4
Re8 35. Kg2 Ree7 36. Kf3 Rc4 37. Rec2 Nf7 38. Bxf7 Rxf7 39. Nd2 Rc8 40. c4 Rfc7
41. c5 Bd4 42. Nb3 dxc5 43. Nxd4 c4 44. Rc3 Rg7 45. Kf4 Re8 46. Re1 Re5 47. Nf3
Re8 48. e5 fxe5+ 49. Rxe5 Rd8 50. Nd4 Rgd7 51. Ke4 h6 52. h4 Rg8 1-0

[Event "DVM U12 2018"]
[Site "Magdeburg GER"]
[Date "2018.12.27"]
[Round "1"]
[White "Nitsche, Nikolai"]
[Black "Lenz, Joshua"]
[Result "1-0"]
[Termination "normal"]
[Board "4.1"]
[WhiteElo "1695"]
[BlackElo "1580"]
[WhiteClock "00:25:10"]
[BlackClock "00:48:53"]
[WhiteTeam "SV Empor Berlin"]
[BlackTeam "SV Turm Lahnstein"]
[PlyCount "127"]
[WhiteFideId "16221036"]
[BlackFideId "16256956"]
[EventCountry "GER"]
[EventRounds "7"]
[EventType "team-swiss"]
[EventDate "2018.12.26"]

1. e4 e6 2. d4 d5 3. exd5 exd5 4. Bd3 Bd6 5. Ne2 Ne7 6. Bf4 Bf5 7. Qd2 Bxd3 8.
Qxd3 Ng6 9. Bxd6 Qxd6 10. Nbc3 O-O 11. O-O-O c6 12. h4 Nd7 13. Kb1 b5 14. h5
Ne7 15. g4 Nb6 16. Kc1 b4 17. Nb1 a5 18. g5 g6 19. f4 Nf5 20. Rdf1 Nc4 21. Nd2
Nce3 22. Rf3 Rfe8 23. Nf1 Qe7 24. Nxe3 Nxe3 25. Ng3 c5 26. hxg6 fxg6 27. Re1
cxd4 28. Qxd4 Nf5 29. Rxe7 Nxd4 30. Rxe8+ Rxe8 31. Rd3 Ne6 32. Rxd5 Nxf4 33.
Rxa5 Re3 34. Rb5 Rxg3 35. Rxb4 Nd5 36. Rb5 Rxg5 37. c4 Rg1+ 38. Kd2 Nf6 39. c5
Rg5 40. b4 Rd5+ 41. Kc3 Kf8 42. Rb7 Rd7 43. Rb8+ Ke7 44. c6 Rc7 45. b5 Kd6 46.
Kd4 Re7 47. Rd8+ Kc7 48. Ra8 Re8 49. Ra7+ Kd6 50. Rf7 Ke6 51. Ra7 Nd5 52. Rxh7
Rc8 53. Rh6 Ne7 54. Kc5 Rc7 55. Rh1 Kf7 56. Kd6 Ra7 57. Rh7+ Ke8 58. Rxe7+ Rxe7
59. c7 Rd7+ 60. Kc6 Rxc7+ 61. Kxc7 g5 62. b6 g4 63. b7 Ke7 64. b8=Q 1-0

[Event "DVM U12 2018"]
[Site "Magdeburg GER"]
[Date "2018.12.27"]
[Round "1"]
[White "Meuer, David"]
[Black "Freude, Max"]
[Result "0-1"]
[Termination "normal"]
[Board "4.2"]
[WhiteElo "1618"]
[BlackElo "1440"]
[WhiteClock "00:41:11"]
[BlackClock "00:58:48"]
[WhiteTeam "SV Turm Lahnstein"]
[BlackTeam "SV Empor Berlin"]
[PlyCount "96"]
[WhiteFideId "16262964"]
[BlackFideId "16236157"]
[EventCountry "GER"]
[EventRounds "7"]
[EventType "team-swiss"]
[EventDate "2018.12.26"]

1. e4 e5 2. Nf3 Nf6 3. Bc4 d5 4. Bxd5 Nxd5 5. exd5 Bd6 6. Nc3 O-O 7. O-O Bg4 8.
d3 f5 9. Bd2 Nd7 10. a3 e4 11. dxe4 Ne5 12. h3 Nxf3+ 13. gxf3 Bxh3 14. Re1 f4
15. Bxf4 Bxf4 16. Ne2 Qg5+ 17. Ng3 Bxg3 18. Kh1 Bxf2 19. Rg1 Bxg1 20. Qxg1 Qh5
21. Qg3 Qxf3+ 22. Qxf3 Rxf3 23. e5 Re8 24. e6 Bxe6 25. dxe6 Rxe6 26. Rd1 Rg6
27. Kh2 Rf5 28. Rd3 Rh5+ 29. Rh3 Rxh3+ 30. Kxh3 Kf7 31. c4 Ke6 32. c5 Ke5 33.
b4 Ra6 34. b5 Rxa3+ 35. Kg2 Kf4 36. c6 bxc6 37. bxc6 a5 38. Kh2 Kg4 39. Kg2
Ra2+ 40. Kf1 Kg3 41. Ke1 Kf3 42. Kd1 Ke3 43. Kc1 Kd3 44. Kb1 Rg2 45. Kc1 Rh2
46. Kb1 Kc3 47. Ka1 Kb3 48. Kb1 Rh1# 0-1

[Event "DVM U12 2018"]
[Site "Magdeburg GER"]
[Date "2018.12.27"]
[Round "1"]
[White "Monninkhoff, Yari"]
[Black "Werling, Lasse"]
[Result "1/2-1/2"]
[Termination "normal"]
[Board "4.3"]
[WhiteElo "1207"]
[BlackElo "1180"]
[WhiteClock "00:09:46"]
[BlackClock "00:20:01"]
[WhiteTeam "SV Empor Berlin"]
[BlackTeam "SV Turm Lahnstein"]
[PlyCount "79"]
[WhiteFideId "16236149"]
[BlackFideId "16275080"]
[EventCountry "GER"]
[EventRounds "7"]
[EventType "team-swiss"]
[EventDate "2018.12.26"]

1. e4 e6 2. d4 d5 3. exd5 exd5 4. Nf3 c5 5. Bf4 Qb6 6. b3 Nc6 7. dxc5 Qb4+ 8.
Qd2 Qxd2+ 9. Nbxd2 Bxc5 10. Bb5 Nge7 11. O-O O-O 12. Bxc6 bxc6 13. c3 Ng6 14.
Bg3 a5 15. Rfe1 Ra7 16. Ne5 Nxe5 17. Rxe5 f6 18. Ree1 Bf5 19. Bf4 Rd7 20. Nf3
Be4 21. Nd4 Rc8 22. Rad1 Kf7 23. Nxc6 Rxc6 24. Rxe4 g5 25. Bg3 f5 26. Ra4 f4
27. Bxf4 gxf4 28. Rxf4+ Kg6 29. g3 Bb6 30. Rc4 Rf6 31. Rg4+ Kf7 32. Rd2 Rf3 33.
c4 Ke6 34. Kg2 Rf5 35. h3 dxc4 36. Re4+ Kf6 37. Rxd7 Rxf2+ 38. Kh1 Rf1+ 39. Kg2
Rf2+ 40. Kh1 1/2-1/2

[Event "DVM U12 2018"]
[Site "Magdeburg GER"]
[Date "2018.12.27"]
[Round "1"]
[White "Samtleben, Christian"]
[Black "Doraszelski, Alexander"]
[Result "0-1"]
[Termination "normal"]
[Board "4.4"]
[WhiteElo "1141"]
[BlackElo "1523"]
[WhiteClock "00:36:08"]
[BlackClock "00:45:00"]
[WhiteTeam "SV Turm Lahnstein"]
[BlackTeam "SV Empor Berlin"]
[PlyCount "64"]
[WhiteFideId "16275098"]
[BlackFideId "12996149"]
[EventCountry "GER"]
[EventRounds "7"]
[EventType "team-swiss"]
[EventDate "2018.12.26"]

1. e4 c5 2. c3 d5 3. e5 Nc6 4. d4 Bf5 5. Nf3 e6 6. Bf4 cxd4 7. Nxd4 Bg6 8. Bb5
Rc8 9. Qa4 Qc7 10. Qxa7 Nge7 11. Na3 Nf5 12. Nac2 Be7 13. O-O O-O 14. Nxc6 Ra8
15. Nxe7+ Kh8 16. Nxd5 exd5 17. e6 Qxf4 18. Qxb7 Nd6 19. Qxd5 fxe6 20. Qd4 Nxb5
21. Qxf4 Rxf4 22. Ne3 Kg8 23. Rfd1 Kf8 24. c4 Nc7 25. Rd7 Rf7 26. Rxf7+ Kxf7
27. Rd1 Rxa2 28. Rd7+ Kf8 29. Rxc7 Ra1+ 30. Nf1 Bd3 31. g3 Bxf1 32. c5 Bh3# 0-1

[Event "DVM U12 2018"]
[Site "Magdeburg GER"]
[Date "2018.12.27"]
[Round "1"]
[White "Haschemi, Said Habieb"]
[Black "Werner, Rosalie"]
[Result "0-1"]
[Termination "normal"]
[Board "5.1"]
[WhiteElo "1571"]
[BlackElo "1572"]
[WhiteTeam "SG 1882 Fürth"]
[BlackTeam "VSG 1880 Offenbach"]
[PlyCount "72"]
[WhiteFideId "16275110"]
[BlackFideId "16223748"]
[EventCountry "GER"]
[EventRounds "7"]
[EventType "team-swiss"]
[EventDate "2018.12.26"]

1. b3 d5 2. Bb2 Nc6 3. e3 a6 4. Nf3 f6 5. Nh4 g6 6. d4 Bg7 7. c4 e6 8. Nf3 Nge7
9. Nc3 O-O 10. Be2 Bd7 11. Ba3 Be8 12. O-O Bf7 13. Qc2 Qd7 14. Rfd1 Rad8 15.
cxd5 exd5 16. Na4 Rfe8 17. Nc5 Qc8 18. Rac1 Qb8 19. b4 Na7 20. Bxa6 bxa6 21.
Nxa6 Qb7 22. Nxc7 Rc8 23. Rd3 Nb5 24. Nxe8 Rxc2 25. Nxf6+ Bxf6 26. Rxc2 g5 27.
Bc1 Bg6 28. Ne1 Bxd3 29. Nxd3 Nc6 30. Nc5 Qa8 31. a4 Nd6 32. Bd2 Nc4 33. Bc3
Be7 34. Ra2 Bxc5 35. dxc5 Na7 36. b5 Nxb5 0-1

[Event "DVM U12 2018"]
[Site "Magdeburg GER"]
[Date "2018.12.27"]
[Round "1"]
[White "Dixon, Laura Michaela"]
[Black "Gewondow, Narek"]
[Result "0-1"]
[Termination "normal"]
[Board "5.2"]
[WhiteElo "1481"]
[BlackElo "1358"]
[WhiteTeam "VSG 1880 Offenbach"]
[BlackTeam "SG 1882 Fürth"]
[PlyCount "72"]
[WhiteFideId "16248708"]
[BlackFideId "16275128"]
[EventCountry "GER"]
[EventRounds "7"]
[EventType "team-swiss"]
[EventDate "2018.12.26"]

1. e4 e5 2. Nf3 Nc6 3. Bc4 Bc5 4. c3 Nf6 5. d4 exd4 6. e5 d5 7. exf6 dxc4 8.
Qe2+ Be6 9. fxg7 Rg8 10. Bg5 Be7 11. Bxe7 Qxe7 12. cxd4 O-O-O 13. Qe3 Rxg7 14.
Rg1 Qd6 15. Nc3 Nb4 16. Kd2 Nd5 17. Nb5 Qb4+ 18. Nc3 Nxe3 19. Kxe3 Qe7 20. Kd2
Qf6 21. Ne2 Bg4 22. Ke3 Bxf3 23. gxf3 Rxg1 24. Rxg1 Re8+ 25. Kd2 Rxe2+ 26. Kxe2
Qxd4 27. Rb1 Qe5+ 28. Kd2 Qxh2 29. Ke3 h5 30. Rd1 Qe5+ 31. Kd2 Qxb2+ 32. Ke3 c3
33. Rh1 c2 34. Kf4 c1=Q+ 35. Kf5 Qc5+ 36. Kf4 Qbe5# 0-1

[Event "DVM U12 2018"]
[Site "Magdeburg GER"]
[Date "2018.12.27"]
[Round "1"]
[White "Levitskii, Philipp"]
[Black "Bergmann, Lennart"]
[Result "1-0"]
[Termination "normal"]
[Board "5.3"]
[WhiteElo "1267"]
[BlackElo "1515"]
[WhiteTeam "SG 1882 Fürth"]
[BlackTeam "VSG 1880 Offenbach"]
[PlyCount "135"]
[WhiteFideId "16275136"]
[BlackFideId "16270657"]
[EventCountry "GER"]
[EventRounds "7"]
[EventType "team-swiss"]
[EventDate "2018.12.26"]

1. d4 d5 2. Bg5 Bg4 3. Qd3 Qd6 4. Nc3 c6 5. Nf3 Nd7 6. e4 dxe4 7. Qxe4 Bxf3 8.
gxf3 Qg6 9. Bf4 Ngf6 10. Qd3 Qxd3 11. Bxd3 e6 12. O-O-O Bb4 13. Ne4 Ke7 14. c3
Ba5 15. b4 Bb6 16. a4 Nd5 17. Bd6+ Kd8 18. Ng5 Ke8 19. Kb2 Bc7 20. Bg3 Bxg3 21.
hxg3 h6 22. Ne4 Ke7 23. Rhe1 N7f6 24. Kb3 Rhd8 25. f4 Nxe4 26. Bxe4 Nf6 27. Bf3
Kd6 28. c4 Re8 29. Re5 Nd7 30. Re3 Nf6 31. Red3 Rad8 32. b5 Kc7 33. Kb4 Rd6 34.
c5 Nd5+ 35. Bxd5 Rxd5 36. a5 cxb5 37. Kxb5 a6+ 38. Kc4 Kc6 39. Rb1 Rb8 40. g4
Rbd8 41. Re1 R8d7 42. Re5 Kc7 43. f3 Kc6 44. Re4 h5 45. Re5 Rxe5 46. fxe5 h4
47. f4 Rd8 48. f5 g5 49. fxg6 fxg6 50. Rf3 Rg8 51. Rf6 Kd7 52. d5 exd5+ 53.
Kxd5 Rg7 54. c6+ bxc6+ 55. Rxc6 h3 56. Rxa6 h2 57. Rd6+ Kc7 58. Rc6+ Kb7 59.
Rc1 Rc7 60. Rh1 Rc2 61. e6 Rd2+ 62. Ke5 Re2+ 63. Kf6 g5 64. e7 Ka6 65. Rxh2
Rxh2 66. e8=Q Rf2+ 67. Kxg5 Kxa5 68. Qe1+ 1-0

[Event "DVM U12 2018"]
[Site "Magdeburg GER"]
[Date "2018.12.27"]
[Round "1"]
[White "Hentschker, Josefin"]
[Black "Funk, Benno"]
[Result "1-0"]
[Termination "normal"]
[Board "5.4"]
[WhiteElo "1216"]
[BlackElo "1145"]
[WhiteTeam "VSG 1880 Offenbach"]
[BlackTeam "SG 1882 Fürth"]
[PlyCount "141"]
[WhiteFideId "16255810"]
[BlackFideId "16275144"]
[EventCountry "GER"]
[EventRounds "7"]
[EventType "team-swiss"]
[EventDate "2018.12.26"]

1. e4 c5 2. Nf3 e6 3. Nc3 a6 4. Bc4 Nc6 5. O-O b5 6. Be2 Bb7 7. d3 Be7 8. Be3
Nf6 9. Nd2 d5 10. exd5 exd5 11. Bf4 c4 12. Bf3 O-O 13. Re1 Nd4 14. Be3 Nf5 15.
Bf4 Nd4 16. Ne2 Bc5 17. Nxd4 Bxd4 18. c3 Bb6 19. dxc4 bxc4 20. Nxc4 Bc7 21.
Bxc7 Qxc7 22. Ne3 Rfe8 23. Qb3 Rad8 24. Rad1 h6 25. Re2 Ba8 26. Qa4 Qc6 27. Qb3
Qb5 28. Qc2 Ne4 29. Nf5 Nf6 30. Rxe8+ Rxe8 31. Nd4 Qd7 32. h3 Bb7 33. Nf5 Re5
34. Ne3 Qe7 35. Qb3 Qd7 36. c4 Bc6 37. Nxd5 Nxd5 38. Bxd5 Qe8 39. Bxc6 Qxc6 40.
Rd8+ Kh7 41. Qd3+ g6 42. Rd6 Qc7 43. g3 Re1+ 44. Kh2 Qb7 45. Qd5 Qxb2 46. Qxf7+
Qg7 47. Qxg7+ Kxg7 48. Rxa6 Re2 49. Kg2 Rc2 50. Ra4 h5 51. Kf3 Rc3+ 52. Ke4 Rc2
53. Ke3 Rc3+ 54. Kd4 Rc2 55. f4 Rg2 56. Ra3 Rh2 57. h4 Kf6 58. c5 Kf5 59. c6
Rc2 60. Rc3 Rxa2 61. c7 Ra4+ 62. Rc4 Rxc4+ 63. Kxc4 Kg4 64. c8=Q+ Kxg3 65. Qe6
Kxf4 66. Kd4 g5 67. Qe4+ Kg3 68. Qf5 Kxh4 69. Ke4 g4 70. Kf4 g3 71. Qg5+ 1-0